Statistics for AAA Mega Champions

Click here to take the quiz!

General Stats

  • This quiz has been taken 19 times
    (13 since last reset)
  • The average score is 4 of 12

Answer Stats

Title ReignsLast WonChampion% Correct
12021El Hijo del Vikingo
100%
12019Kenny Omega
83%
12018Fénix
67%
22018Jeff Jarrett
33%
12017Johnny Mundo
33%
12010Electroshock
17%
42012El Mesias
17%
12014El Patrón Alberto
17%
22016El Texano Jr.
17%
32018Rey Wagner
17%
12008Cibernético
0%
12010El Zorro
0%

Score Distribution

Percentile by Number Answered

Percent of People with Each Score

Your Score History

You have not taken this quiz since the last reset